00659nam a22002057a 450000500170000001000250001702000260004203500230006803700130009103700190010408200160012310000210013924501010016026000310026127000780029230000260037050000510039670000030044771000030045020111128105318.0 aENG-104210 B-464038 a9780415501644c795.00 aEN-87743 B-464038 bDBAD/PUB bAllied Pub/Ven a303.6250954 aPrabhakara, M.S. aLooking back into the future :cby M.S. Prabhakarabidentity & insurgency in Northeast India /  aNew DelhibRoutledgec2012 a912 Tolstoy House, 15-17 Tolstoy Marg, Connaught PlacebNew Delhie110001 axxvi,286p.c22cm (Hb) aIncludes bibliographical references and index